000 01307cam a2200217 4500
001 ##L134679
008 060824n2006 000 0 eng u
035 _a(Sirsi) u134679
041 0 _aeng
050 0 4 _a711.1 $2 18
100 1 _aNye, Michael
245 0 0 _aEvaluating sustainable housing construction standards in London
_bapplying an ecological footprint analysis to standards in the London Plan and the GLA's draft SPG for sustainable design and construction
260 _aLondon
_bLSE Centre for Environmental Policy and Governance
_c2006
300 _a75p.
_bgraphs, tables.
_c30cm.
520 _aThis report presents an assessment of the potential of applying the REAP (Resource and Energy Analysis Programme) ecological footprinting tool in the context of policy development at the Greater London Authority, particularly through an evaluation of elements of the GLA's draft Supplementary Planning Guidance on sustainable design and construction, in the context of the London Plan. The elements evaluated related to infrastructure materials, waste and transport.
651 4 _aLONDON
690 _aENVIRONMENTAL AND LAND CONSULTANCY-SUSTAINABILITY-SUSTAINABLE DEVELOPMENT
700 1 _aRydin, Yvonne
710 2 _aThe LSE Centre for Environmental Policy and Governance
_95024
942 _n0
999 _c105771
_d105771